MARC details
| 000 -LEADER |
| fixed length control field |
01423cam a2200409Ia 4500 |
| 001 - CONTROL NUMBER |
| control field |
sjds170091 |
| 003 - CONTROL NUMBER IDENTIFIER |
| control field |
sjds |
| 005 - DATE AND TIME OF LATEST TRANSACTION |
| control field |
20170624114117.0 |
| 008 - FIXED-LENGTH DATA ELEMENTS--GENERAL INFORMATION |
| fixed length control field |
170624b mx||||| |||| 00| 0 spa d |
| 020 ## - INTERNATIONAL STANDARD BOOK NUMBER |
| International Standard Book Number |
9789681906610 (pbk.) |
| 020 ## - INTERNATIONAL STANDARD BOOK NUMBER |
| International Standard Book Number |
9681906616 (pbk.) |
| 040 ## - CATALOGING SOURCE |
| Transcribing agency |
sjds |
| 041 1# - LANGUAGE CODE |
| Language code of text/sound track or separate title |
spa |
| Language code of original |
eng |
| 099 ## - LOCAL FREE-TEXT CALL NUMBER (OCLC) |
| Filing suffix |
2012 |
| 999 ## - SYSTEM CONTROL NUMBERS (KOHA) |
| Koha Dewey Subclass [OBSOLETE] |
ESPANOL PICTURE BOOKS JOYCE 2012 |
| 100 1# - MAIN ENTRY--PERSONAL NAME |
| Personal name |
Joyce, William, |
| Dates associated with a name |
1957- |
| Relator term |
author. |
| 240 10 - UNIFORM TITLE |
| Uniform title |
<a href="Man in the Moon.">Man in the Moon.</a> |
| Language of a work |
Spanish |
| 245 13 - TITLE STATEMENT |
| Title |
El Hombre de la Luna / |
| Statement of responsibility, etc. |
William Joyce ; [traducción de Olga Abasolo] |
| 260 ## - PUBLICATION, DISTRIBUTION, ETC. (IMPRINT) |
| Place of publication, distribution, etc. |
Mexico : |
| Name of publisher, distributor, etc. |
Alfaguara, |
| Date of publication, distribution, etc. |
1999. |
| 300 ## - PHYSICAL DESCRIPTION |
| Extent |
1 volume (unpaged) : |
| Other physical details |
color illustrations ; |
| Dimensions |
20 cm. |
| 336 ## - CONTENT TYPE |
| Content type term |
text |
| Content type code |
txt |
| Source |
rdacontent |
| 337 ## - MEDIA TYPE |
| Media type term |
unmediated |
| Media type code |
n |
| Source |
rdamedia |
| 338 ## - CARRIER TYPE |
| Carrier type term |
volume |
| Carrier type code |
nc |
| Source |
rdacarrier |
| 520 ## - SUMMARY, ETC. |
| Summary, etc. |
When a newly orphaned baby in the moon makes friends with the children of Earth, he seeks a way to ward off their fears and nightmares. |
| 521 1# - TARGET AUDIENCE NOTE |
| Target audience note |
desde 6 años |
| 546 ## - LANGUAGE NOTE |
| Language note |
In Spanish. |
| 650 #0 - SUBJECT ADDED ENTRY--TOPICAL TERM |
| Topical term or geographic name as entry element |
Imaginary wars and battles |
| Form subdivision |
Juvenile fiction. |
| 650 #0 - SUBJECT ADDED ENTRY--TOPICAL TERM |
| Topical term or geographic name as entry element |
Good and evil |
| Form subdivision |
Juvenile fiction. |
| 650 #0 - SUBJECT ADDED ENTRY--TOPICAL TERM |
| Topical term or geographic name as entry element |
Spanish language materials. |
| 650 #7 - SUBJECT ADDED ENTRY--TOPICAL TERM |
| Topical term or geographic name as entry element |
Guerras imaginarias |
| Form subdivision |
Novela juvenil. |
| Source of heading or term |
bidex |
| 650 #7 - SUBJECT ADDED ENTRY--TOPICAL TERM |
| Topical term or geographic name as entry element |
Bien y mal |
| Form subdivision |
Novela juvenil. |
| Source of heading or term |
bidex |
| 651 #0 - SUBJECT ADDED ENTRY--GEOGRAPHIC NAME |
| Geographic name |
Moon |
| Form subdivision |
Juvenile fiction. |
| 651 #7 - SUBJECT ADDED ENTRY--GEOGRAPHIC NAME |
| Geographic name |
Luna |
| Form subdivision |
Novela juvenil. |
| Source of heading or term |
bidex |
| 655 #0 - INDEX TERM--GENRE/FORM |
| Genre/form data or focus term |
Picture books for children. |
| 700 1# - ADDED ENTRY--PERSONAL NAME |
| Personal name |
Abasolo, Olga. |
| 942 ## - ADDED ENTRY ELEMENTS (KOHA) |
| Koha item type |
Libro/Book |